| 000 | 00665nmc a2200253 a 4500 | ||
|---|---|---|---|
| 003 | AR-BaBNM | ||
| 005 | 20251128211328.0 | ||
| 008 | 224020s1999 ||||||||||||||000 | spa|| | ||
| 020 | _a950-07-1697-6 | ||
| 040 | _cAR-BaBNM | ||
| 100 | 1 | _aCreech, Sharon | |
| 245 | 1 | 0 | _aDiario de un verano |
| 260 |
_aBuenos Aires _bSudamericana _c1999 |
||
| 300 | _a229 p. | ||
| 490 | 0 |
_aNovela _vv. 7 |
|
| 500 | _aLos títulos de esta colección son sugeridos a partir de los 11 años | ||
| 650 | 4 | _aLITERATURA INFANTIL | |
| 650 | 4 | _aLIBROS PARA NINOS | |
| 653 | _aNOVELA DE AVENTURAS | ||
| 655 | _aLITERATURA | ||
| 800 | 0 | _aCanela | |
| 942 | _cBK | ||
| 998 | _cLaura | ||
| 999 |
_c19190 _d19190 |
||